| 000 | 00546nam#a2200205#c#4500 | ||
|---|---|---|---|
| 003 | IEF | ||
| 005 | 20180219162247.0 | ||
| 008 | 941031s1988 uuu####fr####| 0||u| |u | ||
| 040 | _aIEF | ||
| 245 | _aSolicitation for Research Grant proposals : 1989 | ||
| 260 |
_aCincinati _b Center for Environmental Research _c1988 |
||
| 300 |
_a12 p. _c 24 cm. |
||
| 500 | _aApéndice | ||
| 650 | 4 |
_aMEDIO AMBIENTE _947492 |
|
| 650 | 4 |
_aSUBVENCIONES PUBLICAS _948501 |
|
| 650 | 4 |
_aESTADOS UNIDOS _942888 |
|
| 942 | _cLIB | ||
| 942 | _z9885 | ||
| 999 |
_c71613 _d71613 |
||